MARC

LEADER 00000nam0a2200000 4500
001 261126
005 20231101233534.0
035 |a (RuTPU)RU\TPU\book\284100 
090 |a 261126 
100 |a 20140521d1962 k y0rusy50 ca 
101 0 |a rus 
102 |a RU 
105 |a a z 001zy 
200 1 |a Некоторые вопросы физики элементарных частиц и атомного ядра  |f Московский инженерно-физический институт (МИФИ) ; под ред. В. Д. Михайлова ; И. Л. Розенталя 
210 |a Москва  |c Госатомиздат  |d 1962 
215 |a 136 с.  |c ил. 
320 |a Библиография в конце глав. 
606 1 |a Элементарные частицы  |2 stltpush  |3 (RuTPU)RU\TPU\subj\21082  |9 46124 
606 1 |a Атомное ядро  |x Физика  |2 stltpush  |3 (RuTPU)RU\TPU\subj\29706  |9 52982 
610 1 |a радиоактивность 
610 1 |a мезоны 
610 1 |a излучение 
610 1 |a поляризация 
610 1 |a изучение 
610 1 |a термодинамика 
610 1 |a атмосферные ливни 
610 1 |a аннигиляция 
610 1 |a пузырьковые камеры 
675 |a 539.12  |v 3 
675 |a 539.14  |v 3 
702 1 |a Михайлов  |b В. Д.  |4 340 
702 1 |a Розенталь  |b И. Л.  |4 340 
712 0 2 |a Московский инженерно-физический институт (МИФИ)  |c (1953-2009)  |2 stltpush  |3 (RuTPU)RU\TPU\col\105 
801 1 |a RU  |b 63413507  |c 20140521 
801 2 |a RU  |b 63413507  |c 20141217  |g RCR 
942 |c BK